000 00800nam a2200289Ia 4500
005 20260324132727.0
008 008 260324s9999 xx 000 0 eng d
020 _a9780429069222
037 _aEBOOK
040 _aCRL
040 _beng
040 _cCRL
041 _2eng
041 _aeng
084 _qCRL
100 _aStanley A. Morain; Amelia M. Budge
_91190390
245 0 _aPost-Launch Calibration of Satellite Sensors
245 0 _bProceedings of the International Workshop on Radiometric and Geometric Calibration, December 2003, Mississippi, USA.
260 _bTaylor and Francis
260 _c2004
365 _a
365 _b275
856 _uhttp://www.taylorfrancis.com/books/9780429069222
942 _cEBOOK
999 _c1788738
_d1788738